| 000 | 00963cam a22002657a 4500 | ||
|---|---|---|---|
| 001 | 16070484 | ||
| 005 | 20141118121635.0 | ||
| 008 | 100127s2009 xxk frb 001 0 eng d | ||
| 010 | _a2009675094 | ||
| 020 | _a9781906659134 (hbk.) | ||
| 020 | _a1906659133 (hbk.) | ||
| 040 |
_aUKM _cUKM _dCDX _dBTCTA _dMIA _dYDXCP _dDLC _dEG-ScBUE |
||
| 082 | 0 | 0 |
_a657.0218 _222 _bMCE |
| 100 | 1 |
_aMcEwen, Ruth Ann, _d1952- _936585 |
|
| 245 | 1 | 0 |
_aTransparency in financial reporting : _ba concise comparison of IFRS and US GAAP / _cby Ruth Ann McEwen. |
| 260 |
_aPetersfield, United Kingdom : _bHarriman House, _c2009 _e([Chippenham, United Kingdom] : _fCPI Antony Rowe) |
||
| 300 |
_axiii,134 p. ; _c24 cm. |
||
| 500 | _aIndex : p. 129-134. | ||
| 504 | _aBibliography : p. 125-126. | ||
| 504 | _aIncludes bibliographical references. | ||
| 650 | 0 |
_aAccounting _xStandards _936586 |
|
| 653 |
_bBUSADM _cNovember2014 |
||
| 655 |
_vreading book _934232 |
||
| 942 |
_2ddc _k657.0218 MCE |
||
| 999 |
_c18642 _d18614 |
||